Is It A Country? - Sudden Death - Statistics

General Stats
  • This quiz has been taken 144 times
  • The average score is 11 of 12
Answers on the Grid
Answers color-coded by a green-red scale on the quiz's grid according to % correct below.
Narnia
Martinique
Bougainville
Azerbaijan
Denmark
Xinjiang
Gifu
Guatemala
Rhodesia
Paraguay
Jordan
Somalia
Kyrgyzstan
Zanzibar
Moldova
Palau
Washington, D.C.
Uruguay
Siam
Karelia
Persia
Gabon
Brandenburg
Guinea-Bissau
Wakanda
 
Answer Stats
Answer % Correct
Azerbaijan
93%
Denmark
92%
Uruguay
92%
Guatemala
90%
Somalia
90%
Jordan
89%
Paraguay
89%
Kyrgyzstan
88%
Guinea-Bissau
87%
Gabon
85%
Moldova
85%
Palau
83%
No matching quizzes found
Score Distribution
Percent of People with Each Score
Percentile by Number Answered
Your Score History
You have not taken this quiz